Rekordspieler - Deutsche Nationalmannschaft - Statistiken

Allgemein
  • Dieses Quiz wurde 220 mal gespielt
  • Das Durchschnittsergebnis liegt bei 17 aus 28
Antwortstatistiken
Spiele Spieler % Korrekt
124 Manuel Neuer
95%
113 Philipp Lahm
95%
121 Bastian Schweinsteiger
94%
137 Miroslav Klose
94%
131 Thomas Müller
94%
150 Lothar Matthäus
93%
86 Oliver Kahn
86%
103 Franz Beckenbauer
85%
130 Lukas Podolski
84%
114 Toni Kroos
83%
100 Joshua Kimmich
80%
98 Michael Ballack
76%
108 Jürgen Klinsmann
73%
92 Mesut Özil
70%
104 Per Mertesacker
61%
95 Karl-Heinz Rummenigge
60%
90 Rudi Völler
59%
95 Sepp Maier
56%
86 Andreas Brehme
50%
105 Jürgen Kohler
39%
82 İlkay Gündoğan
35%
96 Berti Vogts
33%
82 Arne Friedrich
31%
101 Thomas Häßler
31%
81 Bernd Schneider
30%
85 Andreas Möller
27%
81 Wolfgang Overath
16%
81 Karlheinz Förster
6%
Keine übereinstimmenden Quizze gefunden
Verteilung der Resultate
Anzahl Personen mit jedem Resultat
Perzentil nach korrekt beantworteten Fragen
Ihre Resultats-Entwicklung
Sie haben dieses Quiz noch nicht gespielt